000 00444nam a2200145Ia 4500
005 20250702024735.0
008 240331s9999 xx 000 0 und d
082 _bPAT
_a370
100 _aPathirana,C
245 0 _aLamayin pasal herayama hewath adyapanaya lamayin harayama
260 _aRajagiriya
_bDemocratic Rights Movement
_c1987
300 _a60 p .,
500 _aChildren dropping out of School or Education Child Abandonment
942 _cL
999 _c5117
_d5117